| 000 | 00707nam a22002052 4500 | ||
|---|---|---|---|
| 001 | 0000025119 | ||
| 005 | 20151217152308.0 | ||
| 008 | 141204s xx 000 0 eng d | ||
| 020 | _a0857931016 : | ||
| 040 |
_aKABU _cKABU |
||
| 245 | 1 | 0 |
_aHandbook of research methods and applications in empirical macroeconomics / _cedited by Nigar Hashimzade, Michael A. Thornton. |
| 260 |
_aCheltenham : _bEdward Elgar, _c2013. |
||
| 300 | _axii, 614 p. | ||
| 650 | 0 |
_aMacroeconomics _xmethodology. _@0000150253 |
|
| 700 | 1 |
_aHashimzade, Nigar. _@0000181632 |
|
| 700 | 1 |
_aThornton, Michael A. _@0000185514 |
|
| 852 | 1 | _9p33,408 KES | |
| 908 | _a141204 | ||
| 950 | _@1 | ||
| 999 |
_c10450 _d10450 |
||